Fun Fact - Statistics

General Stats
  • This quiz has been taken 30 times
  • The average score is 9 of 15
Answer Stats
Question Answer % Correct
how far does a single sneeze travel? 100 miles per hour
100%
whats the most intelligent Animal? Chimpanzee
100%
who is the most famous person? Dwayne Jonson
100%
what is the most endangered species? Javan Rhinocerous
100%
how many bones are there in the Human Body? 203
67%
What is a rare blood type called? AB
67%
Whos is the richest person in the world? Elon Musk
67%
how many digits of pi are there? infinity
67%
What place in Africa, Has animals you cant find anywhere else? Madagascar
67%
poorest state in the US Missispi
67%
How many countries are there? 193
33%
what was the most popular song in 2020? Blinding lights
33%
What is the coldest Desert? Gobi Desert
33%
was this fun? ABSOLUTLY
0%
what steelers player is retiring? Ben
0%
No matching quizzes found
Score Distribution
Percent of People with Each Score
Percentile by Number Answered
Your Score History
You have not taken this quiz